000 00469nam a22001697a 4500
003 BD-ChCU
005 20260215085545.0
008 260215b bg ||||| |||| 00| 0 ben d
040 _cBD-ChCU
082 _a547 TAR
100 _aTandon , V.K.
_920249
245 _aReactive intermediates in organic chemistry./
_cV.K. Tandon .
260 _aNew Delhi :
_bOxford ,
_cC 1980
300 _aviii , 139p.
650 0 _aChemistry , Organic .
_920250
942 _2ddc
_cBK
_n0
999 _c111564
_d111564